00345nam a22001337a 4500003000400000020001900004082001900023100001500042245005100057250000900108260005700117300001000174650002700184SGT a978-9386056832 a617.6342bT17G aGarg Nisha aTextbook Of Preclinical Conservative Dentistry a2ND  aNEW DELHI bJaypee Brothers Medical Publishersc2021 a1-386 aConservative Dentistry